[Event "39th IND-chT 2019"]
[Site "Kolkata"]
[Date "2019.02.11"]
[Round "9.10"]
[White "Puranik, Abhimanyu"]
[Black "Sahoo, Utkal Ranjan"]
[Result "1/2-1/2"]
[WhiteElo "2538"]
[BlackElo "2356"]
[Annotator "TA"]
[PlyCount "116"]
[EventDate "2019.??.??"]
[EventCountry "IND"]
[SourceTitle "playchess.com"]
[Source "ChessBase"]
[SourceQuality "1"]

{[%evp 18,116,19,6,14,9,9,10,12,9,32,27,37,9,9,-33,22,10,35,2,12,0,31,4,30,13,16,20,53,-22,-16,-35,-32,-37,-20,-12,-12,-14,-30,-25,-27,-30,0,-27,-23,-31,-48,-23,-23,-30,-50,-67,-74,-62,-70,-60,-32,-56,-23,-23,-23,-23,-23,-23,-23,-30,-30,-30,-30,-45,-18,-45,-45,-72,-72,-97,-72,-72,-72,-72,-72,-72,-72,-72,-72,-72,-72,-72,-72,-72,-72,-72,0,-72,-72,-72,-72,-72,0,-72,0]} 1. e4 e5 2. Nf3 Nc6 3. Bb5 Nf6 4. d3 d6 5. c3 g6 6. O-O Bg7 7. Bg5 h6 8. Bh4 O-O 9. Re1 Bd7 10. Nbd2 {[%cal Bb1d2,Bd2f1,Bf1e3,Be3d5][%mdl 32]} Qe8 {C66: Ruy Lopez: Steinitz Defence} 11. Nf1 Nh5 (11... Ne7 12. Bc4 Kh8 13. Ne3 Ng4 14. d4 Nxe3 15. Rxe3 f6 16. Re1 Rd8 17. a4 Bc6 18. Qb3 {1-0 (49) Fressinet,L (2687)-Kramnik,V (2812) Paris 2016}) 12. Ne3 Nf4 {The position is equal.} 13. Bg3 Ne6 14. Bc4 Kh8 15. Bxe6 Qxe6 16. d4 (16. Nd5 $5 {[%cal Rd5c7]} Rac8 17. d4 $11) 16... Qe8 {[#]} (16... exd4 $15 17. Nd5 dxc3 18. Nxc7 cxb2 19. Nxe6 bxa1=R 20. Qxa1 Bxa1 21. Nxf8 Bc3 22. Nxd7 Bxe1 23. Nxe1 Kg7 24. Bxd6 Rd8 25. Be5+ Nxe5 26. Nxe5 Rd1) 17. Nd5 $146 ({Predecessor:} 17. dxe5 dxe5 18. Nd5 {½-½ (56) Tiviakov,S (2634)-Visser,Y (2477) Hilversum 2008}) 17... Rc8 18. dxe5 dxe5 19. h3 Qe6 20. c4 b6 21. Qc2 Nd8 22. Rad1 Nb7 23. Rd2 (23. Qd2 $14 Kg8 24. Nxb6 cxb6 25. Qxd7 Qxd7 26. Rxd7) 23... c6 $11 24. Ne3 Rfd8 25. Red1 Be8 26. Rxd8 Rxd8 27. Rxd8 Nxd8 28. Qd3 Nb7 {[%cal Bd8b7,Bb7c5,Bc5e4][%mdl 32]} 29. Qa3 Nc5 30. Qxa7 (30. Ng4 {is interesting.} f6 31. Qxa7 Nxe4 32. Qxb6 Nxg3 33. fxg3 Qxc4 34. Qb8) 30... Nxe4 31. Qxb6 f5 32. Bh2 f4 33. Nf1 Qxc4 {[#] Hoping for ...Qe2.} 34. Qb8 Qe6 35. N3d2 Nxd2 36. Nxd2 Qd7 37. Kh1 Qxd2 38. Qxe8+ Kh7 39. f3 Qxb2 40. Qxc6 Qxa2 41. Bg1 Qb1 42. Kh2 Qf5 43. Qe8 g5 44. Bc5 Qg6 45. Qxg6+ Kxg6 $15 {[%mdl 4096] Endgame KB-KB} 46. g4 fxg3+ 47. Kxg3 Bf6 48. Bd6 Kf5 49. Bc5 h5 50. Ba7 Be7 51. Bb8 Bb4 52. Bc7 Bd2 53. Bd8 Ke6 54. Kg2 Kf5 55. Kg3 $1 Be1+ 56. Kg2 Kf4 57. Be7 Kf5 58. Bd8 $1 Bd2 {Precision: White = 58%, Black = 58%.} ({Black should play} 58... Bc3 $17) 1/2-1/2